Представление документа в формате MARC21

ПолеНазваниеЗначение
  Тип записи a
  Библиографический уровень m
001 Контрольный номер RU\infra-m\znanium\bibl\2247301
005 Дата корректировки 20260429142100.4
008 Кодируемые данные 260311s2026 RU g rus u
040 Источник каталогиз. __
a Служба первич. каталог. Общество с ограниченной ответственностью «ЗНАНИУМ»
041 Код языка издания __
a Код языка текста rus
044 Код страны публикации __
a Код страны публикации RU
080 Индекс УДК __
a Индекс УДК 10
080 Индекс УДК __
a Индекс УДК 8
080 Индекс УДК __
a Индекс УДК 94
084 Индекс другой классификации/Индекс ББК __
2 Источник индекса rubbk
a Индекс другой классификации/Индекс ББК 63
084 Индекс другой классификации/Индекс ББК __
2 Источник индекса rubbk
a Индекс другой классификации/Индекс ББК 80
084 Индекс другой классификации/Индекс ББК __
2 Источник индекса rubbk
a Индекс другой классификации/Индекс ББК 81
084 Индекс другой классификации/Индекс ББК __
2 Источник индекса rubbk
a Индекс другой классификации/Индекс ББК 82
084 Индекс другой классификации/Индекс ББК __
2 Источник индекса rubbk
a Индекс другой классификации/Индекс ББК 83
084 Индекс другой классификации/Индекс ББК __
2 Источник индекса rubbk
a Индекс другой классификации/Индекс ББК 87
084 Индекс другой классификации/Индекс ББК __
2 Источник индекса okso
a Индекс другой классификации/Индекс ББК 45.00.00
084 Индекс другой классификации/Индекс ББК __
2 Источник индекса okso
a Индекс другой классификации/Индекс ББК 46.00.00
084 Индекс другой классификации/Индекс ББК __
2 Источник индекса okso
a Индекс другой классификации/Индекс ББК 47.00.00
245 Заглавие __
a Заглавие Гуманитарный вектор, 2025, том 20, № 2
b Продолж. заглавия научный журнал; Журнал
250 Сведения об издании __
a Основные сведения об издании 1
260 Выходные данные __
a Место издания Чита
b Издательство Забайкальский государственный университет
c Дата издания 2025
300 Физическое описание __
a Объем 208 с.
521 Примеч. о цел. назн. __
a Примеч. о целев. назн. ВО - Магистратура
650 Тематические рубрики __
a Основная рубрика Филологические науки
655 Указ. предметных рубрик (устаревшее) __
a Жанр/ форма (устаревшее) Журнал
856 Электронный адрес документа 4_
a Имя сервера/домена znanium.ru
m Помощь ebs_support@infra-m.ru
n Местонахождение сервера НИЦ ИНФРА-М
u URL https://znanium.ru/catalog/document?id=479933
856 Электронный адрес документа 48
a Имя сервера/домена znanium.ru
d Путь /cover/2247
f Электронное имя 2247301.jpg
q Тип электронного формата image/jpeg
u URL https://znanium.ru/cover/2247/2247301.jpg
911 __
u 0030=https://znanium.ru/catalog/document?id=479933